000 00435 a2200145 4500
999 _c424
_d424
020 _a0564001015
050 _aBS 2970 BIB 1971
100 _aBible Society
245 _aThe bible
_brevised standard version /
_cBible Society
264 _aSwindon
_bBritish and Foreign Bible Society
_c1971
300 _axiv,1041p.
_bill.
500 _aRevised standard version
650 _aBible---Christianity
942 _2olc
_cBK
_h2970
_iBIB
_kBS